| 000 | 00776cam a22002534a 4500 | ||
|---|---|---|---|
| 001 | 14291537 | ||
| 005 | 20161009143347.0 | ||
| 008 | 060308s2010 iaua 001 0 eng | ||
| 010 | _a 2006008102 | ||
| 020 | _a0071288953 | ||
| 020 | _a9780071288958 | ||
| 082 | 0 | 0 |
_a620.1054 _222 _bVEC |
| 245 | 0 | 0 |
_aVector Mechanics for Engineers : _bDynamics / _cFerdinand P. Beer ... [et al.]. |
| 250 | _a9th ed. | ||
| 260 |
_aDubuque, IA : _bMcGraw-Hill/Higher Education, _cc2010. |
||
| 300 |
_axx, 602-1355 p. : _bcol. ill. ; _c27 cm. |
||
| 500 | _aIncludes index. | ||
| 650 | 0 |
_aDynamics. _931064 |
|
| 650 | 0 |
_aMechanics, Applied. _931066 |
|
| 653 |
_bMec _cOctober2012 |
||
| 650 | 0 |
_931065 _aVector analysis |
|
| 700 | 1 |
_aBeer, Ferdinand Pierre, _d1915- _931067 |
|
| 942 |
_2ddc _cBB |
||
| 999 |
_c17059 _d17031 |
||